Loading...
| Auditory Arts | 8 | 17.50 | 100% | 50% | 25% |
| Beliefs | 11 | 21.82 | 91% | 91% | 36% |
| Current Events | 3 | 23.33 | 100% | 67% | 67% |
| Fine Arts - Other Arts | 3 | 20.00 | 100% | 67% | 33% |
| Geography | 2 | 10.00 | 50% | 50% | 0% |
| History - American History | 5 | 24.00 | 100% | 80% | 60% |
| History - Ancient History | 4 | 20.00 | 100% | 50% | 50% |
| History - European History | 6 | 25.00 | 83% | 100% | 67% |
| History - Other History | 1 | 20.00 | 100% | 100% | 0% |
| History - World History | 4 | 22.50 | 100% | 75% | 50% |
| Literature - American Literature | 4 | 25.00 | 100% | 100% | 50% |
| Literature - British Literature | 8 | 23.75 | 100% | 100% | 38% |
| Literature - European Literature | 6 | 30.00 | 100% | 100% | 100% |
| Literature - World Literature | 5 | 26.00 | 100% | 100% | 60% |
| Philosophy | 6 | 23.33 | 100% | 100% | 33% |
| Science - Biology | 8 | 22.50 | 100% | 88% | 38% |
| Science - Chemistry | 5 | 20.00 | 100% | 60% | 40% |
| Science - Other Science | 5 | 14.00 | 80% | 40% | 20% |
| Science - Physics | 5 | 18.00 | 100% | 80% | 0% |
| Social Science | 10 | 20.00 | 100% | 70% | 30% |
| Visual Arts | 4 | 22.50 | 100% | 100% | 25% |